000 01305cam a22002534a 4500
999 _c6253
_d6253
001 14394446
003 OSt
005 20190822095741.0
008 060530s2006 pau 000 0 eng
010 _a 2006017855
020 _a9780817014995 (pbk. : alk. paper)
040 _aDLC
_cDLC
_dDLC
050 0 0 _aBV4375
_b.M34 2012
082 0 0 _a253
_222
100 1 _aRev Martin Mujinga
245 1 4 _aChaplaincy ministry /
_ba rainbow of hope
260 _aMethodist church :
_bConnexional Bookshop,
_cc2012.
300 _av, 124 p. ;
_c22 cm.
505 0 _aHistorical and legal foundations -- Biblical basis for chaplaincy -- Ministry tasks and competencies for the chaplain -- Possible settings for chaplain ministry -- Keeping the chaplain accountable -- Mine fields for the chaplain -- Health and empowerment for the chaplain.
650 0 _aChaplains.
700 1 _aRev M Mujinga.
856 4 1 _3Table of contents only
_uhttp://www.loc.gov/catdir/toc/ecip0614/2006017855.html
906 _a7
_bcbc
_corignew
_d1
_eecip
_f20
_gy-gencatlg
942 _2lcc
_cOS
_hBV437.5M34